| 000 | 00457nam a2200181Ia 4500 | ||
|---|---|---|---|
| 001 | 5034 | ||
| 005 | 20260306145838.0 | ||
| 008 | 260306t2001||||xx |||||||||||||| ||spa|| | ||
| 041 | _aESP | ||
| 082 |
_a332.673014085 _bA66 |
||
| 100 |
_aAraos, Mercedez _eAUT |
||
| 245 | 0 | _aFactores limitantes de la inversión extranjera en el Perú | |
| 260 | _c2001 | ||
| 300 |
_a188 páginas : _c21 cm. |
||
| 650 | _aGEN | ||
| 654 | _aCAN | ||
| 942 |
_cLIB _dJUS _fJUS _2ddc _n |
||
| 999 |
_c5034 _d5034 |
||